Návrh nakladacej plošiny pre imobilných do vozidiel kategórie M1

Salvato in:
Dettagli Bibliografici
Autore principale: Bačinský, Michal (Autore)
Altri autori: Bucha, Jozef (Relatore della tesi)
Natura: Manoscritto Libro
Lingua:slovacco
Pubblicazione: 2017
Soggetti:
Accesso online:http://is.stuba.sk/zp/portal_zp.pl?podrobnosti=133383
Tags: Aggiungi Tag
Nessun Tag, puoi essere il primo ad aggiungerne!!

MARC

LEADER 00000ntm a22000003a 4500
001 stuzp63994
003 SK-STU
005 20170624212953.3
007 ta
008 150427s2015----xo-----f-mn---000-0-slo-d
040 |a STU  |b slo 
041 0 |a slo 
100 1 |a Bačinský, Michal  |u 020030  |4 aut  |U SjF Strojnícka fakulta  |T SjF Ústav dopravnej techniky a konštruovania  |X 54556  |U J0030  |Y 806  |7 54556 
242 0 1 |a Design of wheelchair lifting mechanism for car category M1  |y eng 
245 1 0 |a Návrh nakladacej plošiny pre imobilných do vozidiel kategórie M1 
260 |c 2017 
650 4 |a vozidlo kategórie M1  |2 slo 
650 4 |a osoba na invalidnom vozíku  |2 slo 
650 4 |a preprava imobilných  |2 slo 
650 4 |a elektro - hydraulická plošina  |2 slo 
650 4 |a vehicle of category M1  |2 eng 
650 4 |a wheelchair user  |2 eng 
650 4 |a transport of immobile person  |2 eng 
650 4 |a electro - hydraulic platform  |2 eng 
700 1 |a Bucha, Jozef  |u 020030  |k Z1  |4 ths  |U SjF Strojnícka fakulta  |T SjF Ústav dopravnej techniky a konštruovania  |X 70878  |U J0030  |Y 806  |7 A000070878 
856 4 |u http://is.stuba.sk/zp/portal_zp.pl?podrobnosti=133383 
996 |b 284J045227  |c J* DDP/2697  |l JJSK  |s A  |a 24  |w stuzp63994_0001